| 000 | 00805nam a22002177a 4500 | ||
|---|---|---|---|
| 999 |
_c14398 _d14398 |
||
| 003 | AR-CdUCM | ||
| 008 | 190423b ||||| |||| 00| 0 spa d | ||
| 020 | _a978-987-1710-54-6 | ||
| 040 |
_aMUNICIPALIDAD PROVINCIAL DEL CUSCO _cBIBLIOTECA MUNICIPAL DEL CUSCO |
||
| 082 |
_aPI / 803 / _bM79 |
||
| 100 |
_aMorales, Claudia _933153 |
||
| 245 | _aEscuela de animales y otros cuentos / | ||
| 260 |
_aBuenos Aires : _bUranito editores, _c2012. |
||
| 300 |
_a55 páginas ; _bIlustraciones, _c23 cm. |
||
| 505 | _aContenido: Sopa de Letras -- Reunión de princesas -- Escuela de animales -- El príncipe que quería ser mago. | ||
| 650 |
_aLectura infantil _928296 |
||
| 650 |
_aCuentos infantiles _93927 |
||
| 700 |
_aCarzon, Walter (ilustración) _933154 |
||
| 942 |
_2ddc _cLIBROS |
||
| 945 |
_acmm _d2019-04-23 |
||